<?xml version="1.0" encoding="UTF-8"?>
<record
    xmlns:xsi="http://www.w3.org/2001/XMLSchema-instance"
    xsi:schemaLocation="http://www.loc.gov/MARC21/slim http://www.loc.gov/standards/marcxml/schema/MARC21slim.xsd"
    xmlns="http://www.loc.gov/MARC21/slim">

  <leader>01776nam a22001697a 4500</leader>
  <datafield tag="999" ind1=" " ind2=" ">
    <subfield code="c">62754</subfield>
    <subfield code="d">62754</subfield>
  </datafield>
  <controlfield tag="005">20250207110441.0</controlfield>
  <controlfield tag="008">250207s2017    ge ||||| |||| 00| 0 geo d</controlfield>
  <datafield tag="022" ind1=" " ind2=" ">
    <subfield code="a">1987-9423</subfield>
  </datafield>
  <datafield tag="041" ind1=" " ind2=" ">
    <subfield code="a">geo</subfield>
  </datafield>
  <datafield tag="245" ind1=" " ind2=" ">
    <subfield code="a">&#x10DB;&#x10D0;&#x10ED;&#x10D0;&#x10EE;&#x10D4;&#x10DA;&#x10D8; :</subfield>
    <subfield code="b">&#x10E1;&#x10D0;&#x10DB;&#x10D4;&#x10EA;&#x10DC;&#x10D8;&#x10D4;&#x10E0;&#x10DD;-&#x10DE;&#x10DD;&#x10DE;&#x10E3;&#x10DA;&#x10D0;&#x10E0;&#x10E3;&#x10DA;&#x10D8; &#x10D3;&#x10D0; &#x10E1;&#x10D0;&#x10D6;&#x10DD;&#x10D2;&#x10D0;&#x10D3;&#x10DD;&#x10D4;&#x10D1;&#x10E0;&#x10D8;&#x10D5;&#x10D8; &#x10DF;&#x10E3;&#x10E0;&#x10DC;&#x10D0;&#x10DA;&#x10D8; : &#x10D2;&#x10D0;&#x10DB;&#x10DD;&#x10D3;&#x10D8;&#x10E1; &#x10E7;&#x10DD;&#x10D5;&#x10D4;&#x10DA;&#x10EC;&#x10DA;&#x10D8;&#x10E3;&#x10E0;&#x10D0;&#x10D3; /</subfield>
    <subfield code="c">&#x10D3;&#x10D0;&#x10DB;&#x10E4;&#x10E3;&#x10EB;&#x10DC;&#x10D4;&#x10D1;&#x10D4;&#x10DA;&#x10D8; &#x10EE;&#x10D4;&#x10DA;&#x10D5;&#x10D0;&#x10E9;&#x10D0;&#x10E3;&#x10E0;&#x10D8;&#x10E1; &#x10DB;&#x10E3;&#x10DC;&#x10D8;&#x10EA;&#x10D8;&#x10DE;&#x10D0;&#x10DA;&#x10D8;&#x10E2;&#x10D4;&#x10E2;&#x10D8;; &#x10D1;&#x10D0;&#x10D7;&#x10E3;&#x10DB;&#x10D8;&#x10E1; &#x10DC;&#x10D8;&#x10D9;&#x10DD; &#x10D1;&#x10D4;&#x10E0;&#x10EB;&#x10D4;&#x10DC;&#x10D8;&#x10E8;&#x10D5;&#x10D8;&#x10DA;&#x10D8;&#x10E1; &#x10E1;&#x10D0;&#x10DB;&#x10D4;&#x10EA;&#x10DC;&#x10D8;&#x10D4;&#x10E0;&#x10DD;-&#x10D9;&#x10D5;&#x10DA;&#x10D4;&#x10D5;&#x10D8;&#x10D7;&#x10D8; &#x10D8;&#x10DC;&#x10E1;&#x10E2;&#x10D8;&#x10E2;&#x10E3;&#x10E2;&#x10D8; ; &#x10E8;&#x10DD;&#x10D7;&#x10D0; &#x10E0;&#x10E3;&#x10E1;&#x10D7;&#x10D0;&#x10D5;&#x10D4;&#x10DA;&#x10D8;&#x10E1; &#x10E1;&#x10D0;&#x10EE;&#x10D4;&#x10DA;&#x10DB;&#x10EC;&#x10D8;&#x10E4;&#x10DD; &#x10E3;&#x10DC;&#x10D8;&#x10D5;&#x10D4;&#x10E0;&#x10E1;&#x10D8;&#x10E2;&#x10D4;&#x10E2;&#x10D8;&#x10E1; &#x10E1;&#x10D0;&#x10DB;&#x10D4;&#x10EA;&#x10DC;&#x10D8;&#x10D4;&#x10E0;&#x10DD; &#x10EA;&#x10D4;&#x10DC;&#x10E2;&#x10E0;&#x10D8;&#x10E1; &#x10DC;&#x10D8;&#x10D9;&#x10DD; &#x10D1;&#x10D4;&#x10E0;&#x10EB;&#x10D4;&#x10DC;&#x10D8;&#x10E8;&#x10D5;&#x10D8;&#x10DA;&#x10D8;&#x10E1; &#x10F0;&#x10E3;&#x10DB;&#x10D0;&#x10DC;&#x10D8;&#x10E2;&#x10D0;&#x10E0;&#x10E3;&#x10DA; &#x10D3;&#x10D0; &#x10E1;&#x10DD;&#x10EA;&#x10D8;&#x10D0;&#x10DA;&#x10E3;&#x10E0; &#x10DB;&#x10D4;&#x10EA;&#x10DC;&#x10D8;&#x10D4;&#x10E0;&#x10D4;&#x10D1;&#x10D0;&#x10D7;&#x10D0; &#x10DB;&#x10D8;&#x10DB;&#x10D0;&#x10E0;&#x10D7;&#x10E3;&#x10DA;&#x10D4;&#x10D1;&#x10D0;.</subfield>
  </datafield>
  <datafield tag="260" ind1=" " ind2=" ">
    <subfield code="a">&#x10D1;&#x10D0;&#x10D7;&#x10E3;&#x10DB;&#x10D8;, </subfield>
    <subfield code="c">2008-</subfield>
  </datafield>
  <datafield tag="300" ind1=" " ind2=" ">
    <subfield code="a">V.</subfield>
  </datafield>
  <datafield tag="653" ind1=" " ind2=" ">
    <subfield code="a">&#x10DB;&#x10D0;&#x10ED;&#x10D0;&#x10EE;&#x10D4;&#x10DA;&#x10D8; </subfield>
  </datafield>
  <datafield tag="653" ind1=" " ind2=" ">
    <subfield code="a">&#x10DE;&#x10D4;&#x10E0;&#x10D8;&#x10DD;&#x10D3;&#x10D8;&#x10D9;&#x10D0;</subfield>
  </datafield>
  <datafield tag="710" ind1=" " ind2=" ">
    <subfield code="a"> &#x10D1;&#x10D0;&#x10D7;&#x10E3;&#x10DB;&#x10D8;&#x10E1; &#x10DC;&#x10D8;&#x10D9;&#x10DD; &#x10D1;&#x10D4;&#x10E0;&#x10EB;&#x10D4;&#x10DC;&#x10D8;&#x10E8;&#x10D5;&#x10D8;&#x10DA;&#x10D8;&#x10E1; &#x10E1;&#x10D0;&#x10DB;&#x10D4;&#x10EA;&#x10DC;&#x10D8;&#x10D4;&#x10E0;&#x10DD;-&#x10D9;&#x10D5;&#x10DA;&#x10D4;&#x10D5;&#x10D8;&#x10D7;&#x10D8; &#x10D8;&#x10DC;&#x10E1;&#x10E2;&#x10D8;&#x10E2;&#x10E3;&#x10E2;&#x10D8;</subfield>
    <subfield code="d">&#x10E8;&#x10DD;&#x10D7;&#x10D0; &#x10E0;&#x10E3;&#x10E1;&#x10D7;&#x10D0;&#x10D5;&#x10D4;&#x10DA;&#x10D8;&#x10E1; &#x10E1;&#x10D0;&#x10EE;&#x10D4;&#x10DA;&#x10DB;&#x10EC;&#x10D8;&#x10E4;&#x10DD; &#x10E3;&#x10DC;&#x10D8;&#x10D5;&#x10D4;&#x10E0;&#x10E1;&#x10D8;&#x10E2;&#x10D4;&#x10E2;&#x10D8;&#x10E1; &#x10E1;&#x10D0;&#x10DB;&#x10D4;&#x10EA;&#x10DC;&#x10D8;&#x10D4;&#x10E0;&#x10DD; &#x10EA;&#x10D4;&#x10DC;&#x10E2;&#x10E0;&#x10D8;&#x10E1; &#x10DC;&#x10D8;&#x10D9;&#x10DD; &#x10D1;&#x10D4;&#x10E0;&#x10EB;&#x10D4;&#x10DC;&#x10D8;&#x10E8;&#x10D5;&#x10D8;&#x10DA;&#x10D8;&#x10E1; &#x10F0;&#x10E3;&#x10DB;&#x10D0;&#x10DC;&#x10D8;&#x10E2;&#x10D0;&#x10E0;&#x10E3;&#x10DA; &#x10D3;&#x10D0; &#x10E1;&#x10DD;&#x10EA;&#x10D8;&#x10D0;&#x10DA;&#x10E3;&#x10E0; &#x10DB;&#x10D4;&#x10EA;&#x10DC;&#x10D8;&#x10D4;&#x10E0;&#x10D4;&#x10D1;&#x10D0;&#x10D7;&#x10D0; &#x10DB;&#x10D8;&#x10DB;&#x10D0;&#x10E0;&#x10D7;&#x10E3;&#x10DA;&#x10D4;&#x10D1;&#x10D0;.</subfield>
    <subfield code="9">24275</subfield>
  </datafield>
  <datafield tag="942" ind1=" " ind2=" ">
    <subfield code="2">udc</subfield>
    <subfield code="c">CR</subfield>
  </datafield>
  <datafield tag="952" ind1=" " ind2=" ">
    <subfield code="0">0</subfield>
    <subfield code="1">0</subfield>
    <subfield code="2">udc</subfield>
    <subfield code="4">0</subfield>
    <subfield code="7">0</subfield>
    <subfield code="9">102060</subfield>
    <subfield code="a">CPL</subfield>
    <subfield code="b">CPL</subfield>
    <subfield code="c">GEN</subfield>
    <subfield code="d">2025-02-07</subfield>
    <subfield code="h">#8  2017</subfield>
    <subfield code="p">81354</subfield>
    <subfield code="r">2025-02-07</subfield>
    <subfield code="t">81354</subfield>
    <subfield code="u">&#x10DC;&#x10D0;&#x10E9;&#x10E3;&#x10E5;&#x10D0;&#x10E0;&#x10D8;</subfield>
    <subfield code="w">2025-02-07</subfield>
    <subfield code="y">CR</subfield>
  </datafield>
</record>
